Một số biện pháp rèn kỹ năng giải các dạng toán về đại lượng và đo đại lượng Toán tiểu học lớp 5

Tìm hiểu một số vấn đề chung về đặc điểm tâm lý của học sinh Tiểu học và đặc biệt là học sinh lớp 5. Tìm hiểu về nội dung, phương pháp kiến thức Toán ở tiểu học và mảng kiến thức về “Đại lượng và đo đại lượng” lớp 5. Tìm hiểu sai lầm, nguyên nhân và biện pháp rèn kỹ năng giải các dạng toán về “Đại l...

ver descrição completa

Na minha lista:
Detalhes bibliográficos
Autor principal: Nguyễn Thị Bạch Yến
Outros Autores: Nguyễn Nam Hải Th.S (Hướng dẫn)
Formato: Livro
Idioma:Vietnamese
Publicado em: Đà Nẵng Đại học Sư phạm, Đại học Đà Nẵng 2012
Assuntos:
Tags: Adicionar Tag
Sem tags, seja o primeiro a adicionar uma tag!
Thư viện lưu trữ: Mạng thư viện Đại học Đà Nẵng
LEADER 02061nam a2200325 4500
001 000016771
003 13180
005 20130104080135.0
008 121226s2012 viesd
041 0 |a vie 
082 |a 372.7  |b NG-Y 
100 1 |a Nguyễn Thị Bạch Yến 
245 0 |a Một số biện pháp rèn kỹ năng giải các dạng toán về đại lượng và đo đại lượng Toán tiểu học lớp 5  |c Nguyễn Thị Bạch Yến 
260 |a Đà Nẵng  |b Đại học Sư phạm, Đại học Đà Nẵng  |c 2012 
300 |a 72 tr., Phụ lục 5 tr.  |c 29 cm.  |e Đĩa CD, tài liệu tóm tắt 
500 |a Khóa luận tốt nghiệp đại học. Chuyên ngành: Sư phạm Tiểu học 
504 |a Mục lục đầu trang, tài liệu tham khảo tr. 73 - 74, phụ lục [13 tr.] 
520 |a Tìm hiểu một số vấn đề chung về đặc điểm tâm lý của học sinh Tiểu học và đặc biệt là học sinh lớp 5. Tìm hiểu về nội dung, phương pháp kiến thức Toán ở tiểu học và mảng kiến thức về “Đại lượng và đo đại lượng” lớp 5. Tìm hiểu sai lầm, nguyên nhân và biện pháp rèn kỹ năng giải các dạng toán về “Đại lượng và đo đại lượng” ở Toán lớp 5. Trên cơ sở đó xây dựng một số bài tập bổ trợ rèn kĩ năng giải các dạng toán về “Đại lượng và đo đại lượng” Toán lớp 5 cho học sinh. 
653 |a Khoa Tiểu học Mầm Non 
700 |a Nguyễn Nam Hải  |c Th.S  |e Hướng dẫn 
OWN |a LSP 
AVA |a UDN50  |b LSP  |d 372.7 NG-Y  |e available  |t Error 5001 Not defined in file expand_doc_bib_avail.  |f 1  |g 0  |h N  |i 0  |k 1 
999 |a From the UDN01 
AVA |a UDN50  |b LSP  |d 372.7 NG-Y  |e available  |t Error 5001 Not defined in file expand_doc_bib_avail.  |f 1  |g 0  |h N  |i 0  |k 1 
TYP |a Monograph 
TYP |a Printed language 
980 |a Mạng thư viện Đại học Đà Nẵng